Kingdom of the deep
| Main Author: | |
|---|---|
| Format: | Book |
| Series: | The books of the scornisal television series
|
| Subjects: |
MARC
| LEADER | 00000cam a2200000 7i4500 | ||
|---|---|---|---|
| 001 | 0000004251 | ||
| 002 | 000004570 | ||
| 005 | 20000330.0 | ||
| 020 | |a 1852831006 | ||
| 090 | 0 | 0 | |a 591.52636 |b WIL |
| 100 | 1 | |a Willock, Colin | |
| 245 | 1 | 0 | |a Kingdom of the deep |c Colin Willock |
| 300 | |a 191p. : |b ill. ; |c 27cm. | ||
| 490 | 0 | |a The books of the scornisal television series | |
| 650 | 0 | 0 | |a Marine ecology |
| 650 | 0 | 0 | |a Oceans |x Animals |x Ecology |
| 999 | |a 031394 |b BUKU |c PINJAMAN |e PERPUSTAKAAN KOMUNITI PETALING JAYA | ||